• 首页
  • 本馆介绍
  • 公告通知
  • 最新文献
  • 馆藏检索
  • 电子资源
  • 读者导购
  • 参考咨询
  • 我的图书馆
  • 登录
  • 详细信息显示
  • 放入我的书架
  • 预约/预借图书
  • 作者相关作品
  • 分类相关作品
  • 丛书相关作品
  • 出版社相关作品

书目信息

  • 表格格式
  • 工作单格式
  • 卡片格式
题名:
粉煤灰利用技术
    
 
作者: 韩怀强 , 蒋挺大 编著
分册:  
出版信息: 北京   化学工业出版社  2001
页数: 207页
开本: 20cm
丛书名: 资源化技术丛书
单 册:
中图分类: TQ536.4
科图分类:
主题词: 煤--化学加工--应用 , 粉煤灰--综合利用
电子资源:
ISBN: 7-5025-3078-9
000 00732nam0 2200241 45
001 0303250988
005 20031219104108.0
010    @a7-5025-3078-9@dCNY18.00
100    @a20030325d2001 km y0chiy0120 ea
101 0  @achi
105    @a z 000yy
200 1  @a粉煤灰利用技术@AFen Mei Hui Li Yong Ji Shu@f韩怀强,蒋挺大编著@FHan Huai Qiang,Jiang Ting Da Bian Zhu
210    @a北京@c化学工业出版社@c环境科学与工程出版中心@d2001
215    @a207页@d20cm
225    @a资源化技术丛书
410    @12001 @a资源化技术丛书
606 0  @a煤@x化学加工@x应用
606 0  @a粉煤灰@x综合利用
690    @aTQ536.4@v4
701  0 @a韩怀强@4编著
701  0 @a蒋挺大@4编著
801    @aCN@bTSTC@c20030325
905    @b321436-440@dTQ536.4@e8@f5
    
    粉煤灰利用技术/韩怀强,蒋挺大编著.-北京:化学工业出版社:环境科学与工程出版中心,2001
    207页;20cm.-(资源化技术丛书)
    
    
    ISBN 7-5025-3078-9:CNY18.00
    
●
相关链接 在E读中查询图书 在五车中查询图书 在当当中查询图书 在豆瓣中查询图书


正题名:粉煤灰利用技术     索取号:TQ536.4/8         预约/预借

序号 登录号 条形码 馆藏地/架位号 状态 备注
1 0321436   203214360   第三借阅区/ [索取号:TQ536.4/8] 在馆    
2 0321437   203214379   第三借阅区/ [索取号:TQ536.4/8] 在馆    
3 0321438   203214388   第三借阅区/ [索取号:TQ536.4/8] 在馆    
4 0321439   203214397   第三借阅区/ [索取号:TQ536.4/8] 在馆    
5 0321440   203214404   第二样本阅览室/ [索取号:TQ536.4/8] 在馆    
唐山师范学院图书馆 欢迎您!
大连网信软件有限公司© 版权所有